The compleat art of land-measuring (Record no. 113538)

MARC details
000 -LEADER
fixed length control field 01380cam a22002055a 4500
001 - CONTROL NUMBER
control field L155395
008 - FIXED-LENGTH DATA ELEMENTS--GENERAL INFORMATION
fixed length control field 120320s1784 xxk f 000 0 eng d
035 ## - SYSTEM CONTROL NUMBER
System control number (Sirsi) u155395
041 0# - LANGUAGE CODE
Language code of text/sound track or separate title eng
100 1# - MAIN ENTRY--PERSONAL NAME
Personal name Talbot, Benjamin
240 ## - UNIFORM TITLE
Uniform title New art of land measuring
245 04 - TITLE STATEMENT
Title The compleat art of land-measuring
Remainder of title or, a guide to practical surveying: teaching an exact method of Measuring and Mapping of Lands, Woods, Waters, &c. by the Catoptric Sextant, and of Casting up the same by the Pen. Together with Directions for Levelling, in order to convey Water either in Pipes or Canals. To which is added an appendix, containing a new theory of the catoptric sectant, and its Use in taking Heights and Distances, independent of Trigonometry: also, Instructions for Measuring of Standing Timber. With several plain and useful tables. The second edition, illustrated with copper-plates. By B. Talbot, Teacher of the Mathematics at Cannock.
260 ## - PUBLICATION, DISTRIBUTION, ETC.
Place of publication, distribution, etc. London
Name of publisher, distributor, etc. printed for T. and W. Lowndes, No. 77, Fleet-Street: and sold by Mess. Pearson and Rollason, Birmingham; J. Smart, Wolverhampton; and the author, at Cannock
Date of publication, distribution, etc. MDCCLXXXIV. [1784]
300 ## - PHYSICAL DESCRIPTION
Extent [4], xxiii, [1], 412 p., plates, table
Dimensions 8o
520 ## - SUMMARY, ETC.
Summary, etc. With a half-title.
583 ## - ACTION NOTE
Action Condition reviewed
Time/date of action 20120620
Status condition level 2
651 #4 - SUBJECT ADDED ENTRY--GEOGRAPHIC NAME
Geographic name Great Britain
Chronological subdivision 1707-
690 ## - LOCAL SUBJECT ADDED ENTRY--TOPICAL TERM (OCLC, RLIN)
Topical term or geographic name as entry element Measurement
9 (RLIN) 6256
942 ## - ADDED ENTRY ELEMENTS (KOHA)
Suppress in OPAC 0
Holdings
Withdrawn status Lost status Damaged status Not for loan Home library Current library Shelving location Date acquired Total Checkouts Full call number Barcode Date last seen Copy number Price effective from Koha item type
        Historic collection Historic collection Historic collection 20/03/2012   MEASUREMENT OCTAVO 1784 TALBOT 30077266 20/08/2025 1 06/08/2019 Book